000 00805nam a22002417a 4500
001 74756
003 UA-OsUOA
005 20220720112129.0
007 ta
008 20110418b un ||||| |||| 00| 0 ukr d
020 _a9789668179532
040 _aUA-OsUOA
_bukr
_cUA-OsUOA
_dUA-OsUOA
041 _aukr
080 _a821.161.2
090 _a821.161.2
_bТ92
245 _aТучинський передзвін: література, живопис, фото
_bальманах
_cавтор проекту Надія Янчук
_nвип. 2
260 _aРівне
_bОвід
_c2010
300 _a152 с.
650 7 _a82 Література. Літературознавство
_2UDC
942 _cBK
_2udc
955 _a3
999 _c361045
_d361045